Microeconomic theory a mathematical approach (Registro nro. 12246)

Detalles MARC
000 -LEADER
fixed length control field 01039cam a2200253 a 4500
003 - CONTROL NUMBER IDENTIFIER
control field OSt
005 - DATE AND TIME OF LATEST TRANSACTION
control field 20210824095146.0
008 - FIXED-LENGTH DATA ELEMENTS--GENERAL INFORMATION
fixed length control field 940616s19580000nyua 0 eng d
040 ## - CATALOGING SOURCE
Original cataloging agency CO-BoPUJ
Transcribing agency CO-JMCR
082 04 - DEWEY DECIMAL CLASSIFICATION NUMBER
Classification number 330.0151 /
Item number H496m
Edition number 23
100 1# - MAIN ENTRY--PERSONAL NAME
Personal name Henderson, James M.,
Relator term Author
9 (RLIN) 4995
245 10 - TITLE STATEMENT
Title Microeconomic theory a mathematical approach
Statement of responsibility, etc. Jaems M. Henderson, Richard E. Quandt
250 ## - EDITION STATEMENT
Edition statement 2a edition.
260 ## - PUBLICATION, DISTRIBUTION, ETC.
Place of publication, distribution, etc. New York :
Name of publisher, distributor, etc. McGraw-Hill,.
Date of publication, distribution, etc. 1958.
300 ## - PHYSICAL DESCRIPTION
Extent ix, 431 pages :
Other physical details black and white illustrations and graphics ;
Dimensions 23 cm.
490 0# - SERIES STATEMENT
Series statement Economics Handbook
501 ## - WITH NOTE
With note Footnotes page.
505 0# - FORMATTED CONTENTS NOTE
Formatted contents note The theory of consumer behavior. -- The theory of the firm. -- Market equilibrium. -- Multimarket equilibrium. -- Monopolistic competition. -- Welfare economics. -- Optimization over time. -- Mathematical review.
650 14 - SUBJECT ADDED ENTRY--TOPICAL TERM
Topical term or geographic name entry element Microeconomics
9 (RLIN) 39579
650 24 - SUBJECT ADDED ENTRY--TOPICAL TERM
Topical term or geographic name entry element Economics, Mathematical
9 (RLIN) 39580
650 24 - SUBJECT ADDED ENTRY--TOPICAL TERM
Topical term or geographic name entry element Microéconomie
9 (RLIN) 39581
700 1# - ADDED ENTRY--PERSONAL NAME
Personal name Quandt, Richard E.,
Relator term author
9 (RLIN) 4998
942 ## - ADDED ENTRY ELEMENTS (KOHA)
Source of classification or shelving scheme Dewey Decimal Classification
Koha item type Books
Existencias
Withdrawn status Lost status Source of classification or shelving scheme Damaged status Not for loan Home library Current library Shelving location Date acquired Source of acquisition Full call number Barcode Date last seen Copy number Price effective from Koha item type
    Dewey Decimal Classification     Biblioteca Pública José María del Castillo y Rada Biblioteca Pública José María del Castillo y Rada General Stacks 04/15/2018 Donación 330.0151 / H496m 430005524 05/16/2024 Ej.1 03/10/2021 Books